All city-states in Civilization 6 Map Quiz - Statistics

General Stats
  • This quiz has been taken 44 times
  • The average score is 36 of 58
Answers on the Map
Answers color-coded by a green-red scale on the quiz's map according to % correct below.
 
Answer Stats
Answer % Correct
Lisbon
97%
Hong Kong
93%
Buenos Aires
90%
Geneva
90%
Jerusalem
90%
Singapore
90%
Venice
90%
Amsterdam
86%
Auckland
86%
Bandar Brunei
86%
Brussels
86%
Cardiff
86%
Kabul
86%
Stockholm
86%
Valletta
86%
Mexico City
83%
Muscat
83%
Seoul
83%
Vilnius
83%
Zanzibar
83%
Johannesburg
79%
Mogadishu
79%
Vatican City
79%
Antananarivo
76%
Carthage
76%
Jakarta
76%
Toronto
76%
Yerevan
76%
Fez
72%
Granada
72%
Bologna
69%
Rapa Nui
69%
Kandy
66%
Lahore
66%
Samarkand
66%
Cahokia
62%
Kumasi
59%
Antioch
52%
Babylon
52%
Nazca
52%
Armagh
48%
Hattusa
48%
La Venta
45%
Nan Madol
45%
Ayutthaya
34%
Chinguetti
28%
Mohenjo-Daro
28%
Preslav
28%
Wolin
28%
Akkad
24%
Ngazargamu
21%
Caguana
17%
Mitla
17%
Hunza
14%
Nalanda
14%
Palenque
14%
Anshan
10%
Taruga
10%
No matching quizzes found
Score Distribution
Percent of People with Each Score
Percentile by Number Answered
Your Score History
You have not taken this quiz